Avaluació del programa d'informació sobre la Constitució Europea als municipis de la província de Barcelona
Publicado:
Barcelona :
Diputació de Barcelona. Àrea de Presidència. Direcció de Serveis de Relacions Internacionals, [2005?]
Descripción Física:
[47] f. : il. ; 29 cm
MARC
| LEADER | 00000nam a2200000Ia 4500 | ||
|---|---|---|---|
| 001 | 21648 | ||
| 008 | 160829s9999 xx 000 0 cat d | ||
| 080 | |a FU-42-3 | ||
| 245 | |a Avaluació del programa d'informació sobre la Constitució Europea als municipis de la província de Barcelona | ||
| 260 | |a Barcelona : |b Diputació de Barcelona. Àrea de Presidència. Direcció de Serveis de Relacions Internacionals, [2005?] | ||
| 300 | |a [47] f. : |b il. ; |c 29 cm | ||
| 590 | |a Inclou un recull de premsa. | ||
| 590 | |a A la coberta: Una Constitución para Europa | ||
| 650 | |a Constitucions |x Unió Europea, Països de la |9 45364 | ||
| 650 | |a Dret constitucional |x Europa |9 45365 | ||
| 650 | 0 | |a Serveis d'informació a la comunitat |z Barcelona (Catalunya : Província) |9 45366 | |
| 710 | |a Barcelona (Catalunya : Província). |b Direcció de Serveis de Relacions Internacionals |9 53455 | ||
| 901 | |a Arxiu | ||
| 942 | |n 1 | ||
| 952 | |0 0 |1 0 |4 0 |6 FU423 |7 1 |9 52545 |a Arxiu |b Arxiu |d 2016-12-01 |l 0 |o FU-42-3 |p 21648 |r 2016-12-01 00:00:00 |w 2016-12-01 |y ARXIU | ||
| 999 | |c 56394 |d 56394 | ||